Music Quiz

Random Music or Letter Quiz

One-Word #1 Songs Quiz Stats

 Plays Quiz Updated Apr 17, 2017

Also try: First Hit Song
Challenge
Share
Tweet
Embed
Score 0/56 Timer 07:00
2 Plays Today
Year/Letter Song % Correct
2014 - HHappy
78.8%
1967 - RRespect
73%
2007 - UUmbrella
68.1%
1997 - MMMMBop
64.1%
1995 - WWaterfalls
59.1%
1990 - VVogue
56.6%
2009 - FFireflies
55.4%
2004 - YYeah!
54.7%
1988 - KKokomo
53.1%
2008 - LLow
52.8%
1987 - FFaith
52.8%
2006 - SSexyBack
52.7%
1992 - J Jump
52.6%
2000 - SSmooth
52%
1999 - BBelieve
50.9%
1983 - AAfrica
49.7%
1975 - MMandy
49.3%
1981 - PPhysical
49.1%
1984 - HHello
48.3%
2001 - FFallin'
42.3%
2010 - OOMG
42.2%
2016 - SSorry
42.2%
1982 - MMickey
41.1%
1973 - SSuperstition
40.6%
1996 - MMacarena
34.9%
1972 - BBen
32.7%
1965 - DDowntown
29.9%
1991 - UUnbelievable
29.6%
Year/Letter Song % Correct
1994 - HHero
29.2%
2015 - CCheerleader
29%
1980 - FFunkytown
26.9%
1993 - IInformer
25.6%
1970 - WWar
25.5%
1961 - RRunaway
25.4%
2017 - SStarboy
24.9%
2012 - WWhistle
24.7%
1985 - HHeaven
24.5%
1977 - DDreams
22.2%
1962 - SSherry
21.8%
1968 - HHoney
21.1%
2002 - DDilemma
19.9%
2013 - RRoar
18.7%
1959 - VVenus
18.5%
1979 - RReunited
17.5%
1986 - KKyrie
17.2%
1976 - CConvoy
17.1%
1966 - CCherish
14%
1978 - GGrease
14%
2011 - GGrenade
12.9%
1974 - SSundown
12.1%
1963 - DDominique
10.6%
1960 - SStay
9.9%
1969 - DDizzy
7.8%
1989 - BBatdance
7.4%
1964 - RRingo
5.3%
1998 - LLately
1.7%

You're not logged in!

Compare scores with friends on all Sporcle quizzes.
Join for Free
OR
Log In

You Might Also Like...

Show Comments

Extras

Top Quizzes Today


Score Distribution

Your Account Isn't Verified!

In order to create a playlist on Sporcle, you need to verify the email address you used during registration. Go to your Sporcle Settings to finish the process.

Report this User

Report this user for behavior that violates our Community Guidelines.

Details: